Krásná Hedvika /

Hlavní autor: Nižnánsky, Jozef, 1903-1976
Další autoři: Vimerová, Marie
Jazyk: Čeština
Vydáno: Praha : Petrklíč ;Niky, 1993
Témata:
Externí odkaz: Digitalizovaný dokument
Fyzický popis: 222 stran : ilustrace ; 21 cm
Knihy
Uloženo v:
LEADER 01441nam a2200385 i 4500
001 001639556
003 CZ BrMZK
005 20180807062022.0
007 ta
008 180724s1993 xr a g 000 f cze
015 |a cnb000081366 
020 |a 80-85554-04-6  |q (Niky ;  |q vázáno) 
020 |a 80-85243-48-2  |q (Petrklíč ;  |q vázáno) 
035 |a (OCoLC)31772394 
040 |a ABA001  |b cze  |d BOA001  |e rda 
041 1 |a cze  |h slo 
044 |a xr  |a xo 
072 7 |a 821.162.4  |x Slovenská literatura  |2 Konspekt  |9 25 
080 |a 821.162.4-31  |2 MRF 
080 |a (0:82-31)  |2 MRF 
100 1 |a Nižnánsky, Jozef,  |d 1903-1976  |7 jn20010309215  |4 aut 
240 1 0 |a Krásna Hedviga.  |l Česky 
245 1 0 |a Krásná Hedvika /  |c Jožo Nižnánsky ; ze slovenského originálu Krásna Hedviga ... přeložila Marie Vimerová 
264 1 |a Praha :  |b Petrklíč ;  |a Bratislava :  |b Niky,  |c 1993 
300 |a 222 stran :  |b ilustrace ;  |c 21 cm 
336 |a text  |b txt  |2 rdacontent 
337 |a bez média  |b n  |2 rdamedia 
338 |a svazek  |b nc  |2 rdacarrier 
655 7 |a slovenské romány  |7 fd133450  |2 czenas 
700 1 |a Vimerová, Marie  |7 xx0076986  |4 trl 
856 4 1 |u http://www.digitalniknihovna.cz/mzk/uuid/uuid:15006f30-f129-11e3-a2c6-005056827e51  |y Digitalizovaný dokument  |x NDK 
910 |a BOA001  |b 2-1412.015 
990 |a BK 
991 |b 201808 
996 6 |b 2610749963  |c 2-1412.015  |l MZK  |r Sklad / do 1 hodiny  |n 0  |p dar  |w 001675753  |u 000010  |a 1  |e BOA001  |j MZK50  |s P